000 00469nam a2200157 i 4500
001 75944
003 ES-MaACL
005 20230906172649.0
007 t|
008 040928s1920 fr ||||1| fre d
100 1 _aGruyer, Paul.
_960259
245 1 0 _aHuit jours a Versailles
_b: la ville, le chateau, le parc, les trianons /
_cPaul Gruyer.
260 _a[S.l. :
_bs.n.,
_c1920] (
_eCorbeil :
_fImp. Crété)
300 _a253 p. ;
_c18 cm.
852 _aES-MaACL
_jC-3581
999 _c75944
_d75944